| 000 | 00868nam a2200277Ia 4500 | ||
|---|---|---|---|
| 003 | OSt | ||
| 005 | 20220928112057.0 | ||
| 006 | a|||||r|||| 00| 0 | ||
| 007 | ta | ||
| 008 | 220927b |||||||| |||| 00| 0 eng d | ||
| 024 | _a33953 | ||
| 037 | _cTextual | ||
| 040 |
_aSDCL _cSDCL _beng |
||
| 041 |
_2eng _aeng |
||
| 082 | _aB33, P8 | ||
| 100 |
_aLiu James H _9426173 |
||
| 245 | 0 | _aTopics on stability and periodicity in abstract differential equations. | |
| 260 |
_aNew Jersey _bWorld Scientific _c2008 |
||
| 300 |
_aix,208p. _ccm. |
||
| 490 | _aSeries on concrete and applicable mathematics.V6. | ||
| 650 |
_aDifferential Equations _9426174 |
||
| 700 |
_a Minh Nguyen Van _9426175 |
||
| 700 |
_a N'Guerekata Gaston M _9426176 |
||
| 942 |
_hB33, P8 _cTEXL _2CC |
||
| 999 |
_c743163 _d743163 |
||